000 00515nam a2200181Ia 4500
005 20250612143450.0
008 008 250505s9999 xx 000 0 eng d
020 _a9789391211042
040 _beng
_cILCL
041 _aeng
_2eng
084 _aZ64 R3
100 _aSinha, Manoj Kumar (Ed.)
_9747401
245 0 _aLegal Research and Writing - new perspectives
260 _aDelhi
_bLexis Nexis
_c2023
300 _axxxiv,460p.
700 _aKharb, Deepa (Ed.)
_9747402
942 _cTB
_2Colon Classification
999 _c1311916
_d1311916